000 00460nam a2200193Ia 4500
005 20250423094916.0
008 250422s9999 xx 000 0 und d
020 _a0-07-290283-3
050 _aHD30.2.A65
100 _aLynda M. Applegate
245 0 _aCorporate Information System Management
250 _aFifth Edition
260 _aBoston
260 _bIrwin/McGraw-Hill
260 _c1999
300 _a703 p
650 _aEducation
942 _cBK
999 _c28658
_d28658